| 000 | 00388nam a2200145Ia 4500 | ||
|---|---|---|---|
| 008 | 210210b1984 xxu||||| |||| 00| 0 eng d | ||
| 082 | _a581.50954 SALP | ||
| 100 | _aSALDANHA (Cecil J) and DHAWAN (Jyotsna). | ||
| 245 | _aPlants of India | ||
| 260 |
_aNew Delhi _bOxford & IBH Publishing Co, _c1984 |
||
| 300 | _a111 | ||
| 650 | _aPlants India | ||
| 690 | _aBotany | ||
| 906 | _aSG02299 | ||
| 999 |
_c113586 _d113586 |
||